00917nam a2200241 i 4500001000700000003000900007005001700016007000300033008004100036020001800077080002100095080002100116100004600137245012900183260005600312300002800368586004100396650003500437710004300472852002100515999001900536952012000555142552ES-MaACL20250809063523.0t|071008s1975 sp ||||1| spa d a84-500-7530-0 a325.2(46:65)"18" a325.1(65:46)"18"1 aVilar, Juan Bautista, d1941-2018911479710aEmigración española a Argelia (1830-1900) b: colonización hispánica de la Argelia francesa / cJuan Bautista Vilar. aMadrid : bInstituto de Estudios Africanos, c1975. aVIII, 537 p. ; c24 cm. aPremio "África" de Literatura 1975 4aEspañoles-zArgelia.91630902 aInstituto de Estudios Africanos.94881 aES-MaACLjA-7090 c142552d142552 00104070aATENEOMbATENEOMcSPP1d2008-01-17eSCl0oA-7090p1148324r2023-02-23 00:00:00w2023-02-23yMONOGRAFIA